Basic electrical engineering (Record no. 7166)

000 -LEADER
fixed length control field 00658nam a2200217 4500
001 - CONTROL NUMBER
control field 7166
003 - CONTROL NUMBER IDENTIFIER
control field BD-DhUET
008 - FIXED-LENGTH DATA ELEMENTS--GENERAL INFORMATION
fixed length control field 740521s1975 nyua 001 0 eng
020 ## - INTERNATIONAL STANDARD BOOK NUMBER
International Standard Book Number 0070211523
040 ## - CATALOGING SOURCE
Original cataloging agency DLC
Transcribing agency DLC
Modifying agency BD-DhUET
082 00 - DEWEY DECIMAL CLASSIFICATION NUMBER
Classification number 623
Item number FIT/1975
100 1# - MAIN ENTRY--PERSONAL NAME
Personal name Fitzgerald, A. E.
245 10 - TITLE STATEMENT
Title Basic electrical engineering
Remainder of title circuits,electronics,machines,control
Statement of responsibility, etc. by A. E. Fitzgerald, David E. Higginbotham and Arvin Grabel
250 ## - EDITION STATEMENT
Edition statement 4th ed.
260 ## - PUBLICATION, DISTRIBUTION, ETC. (IMPRINT)
Place of publication, distribution, etc. New York
Name of publisher, distributor, etc. McGraw-Hill
Date of publication, distribution, etc. 1975
300 ## - PHYSICAL DESCRIPTION
Extent xiv, 817 p.
Other physical details illus.
Dimensions 24 cm.
650 #0 - SUBJECT ADDED ENTRY--TOPICAL TERM
Topical term or geographic name as entry element Electricity : Engineering
700 ## - ADDED ENTRY--PERSONAL NAME
Personal name Higginbotham, David E.
700 ## - ADDED ENTRY--PERSONAL NAME
Personal name Grabel, Arvin
942 ## - ADDED ENTRY ELEMENTS (KOHA)
Koha item type General Book
Holdings
Damaged status Shelving location Koha item type Source of classification or shelving scheme Koha normalized classification for sorting Piece designation (barcode) Koha date last seen Location (home branch) Sublocation or collection (holding branch) Not for loan Koha issues (times borrowed) Date acquired Price effective from Copy number Koha full call number Withdrawn status Koha date last borrowed Lost status
 Circulation sectionGeneral Book 623PIT1975653642018-08-04Central Library, BUETCentral Library, BUET 12014-12-072014-12-071623/PIT/1975 2018-07-21 
 Circulation sectionGeneral Book 623_000000000000000_PIT_1975433092015-03-12Central Library, BUETCentral Library, BUET  2015-03-122015-03-122623/PIT/1975   
 Circulation sectionGeneral Book 623_000000000000000_PIT_1975433142015-03-12Central Library, BUETCentral Library, BUET  2015-03-122015-03-123623/PIT/1975   
 Circulation sectionGeneral Book 623_000000000000000_PIT_1975436762015-03-12Central Library, BUETCentral Library, BUET  2015-03-122015-03-124623/PIT/1975   
 Circulation sectionGeneral Book 623_000000000000000_PIT_1975428432015-03-12Central Library, BUETCentral Library, BUET  2015-03-122015-03-125623/PIT/1975   
 Circulation sectionGeneral Book 623_000000000000000_FIT_1975433082015-04-16Central Library, BUETCentral Library, BUET  2015-04-162015-04-166623/FIT/1975   
 Circulation sectionGeneral Book 623_000000000000000_FIT_1975433162015-04-18Central Library, BUETCentral Library, BUET  2015-04-182015-04-187623/FIT/1975   
 Circulation sectionGeneral Book 623_000000000000000_FIT_1975433102015-04-21Central Library, BUETCentral Library, BUET  2015-04-212015-04-218623/FIT/1975   
 Circulation sectionGeneral Book 623_000000000000000_FIT_1975436772015-04-21Central Library, BUETCentral Library, BUET  2015-04-212015-04-219623/FIT/1975   
 Circulation sectionGeneral Book 623_000000000000000_FIT_1975433132015-04-21Central Library, BUETCentral Library, BUET  2015-04-212015-04-2110623/FIT/1975   
 Circulation sectionGeneral Book 623_000000000000000_FIT_1975433072015-04-21Central Library, BUETCentral Library, BUET  2015-04-212015-04-2111623/FIT/1975   
 Circulation sectionGeneral Book 623_000000000000000_FIT_1975511012015-04-21Central Library, BUETCentral Library, BUET  2015-04-212015-04-2112623/FIT/1975   
 Reading sectionReading Item 623_000000000000000_FIT_1975428412015-06-28Central Library, BUETCentral Library, BUET  2015-06-282015-06-2813623/FIT/1975   
 Reading sectionReading Item 623_000000000000000_FIT_1975428402015-06-28Central Library, BUETCentral Library, BUET  2015-06-282015-06-2814623/FIT/1975   
 Reading sectionReading Item 623_000000000000000_FIT_1975436792015-06-28Central Library, BUETCentral Library, BUET  2015-06-282015-06-2815623/FIT/1975